000 00925nam a22003017a 4500
001 BR8006961
003 BR-BrBNA
005 20230928090817.0
007 ta
008 230509b bl.||||| |||| 00| 0 por d
040 _aBR-BrBNA
_bpor
_cBiblioteca Nacional de Agricultura
041 _a(Por)
072 _aL00
_b5214
_b/G514
090 _ 5214 BR8006961
100 1 _aCunha, J.A.N. da
110 1 _aUniversidade Federal de Vicosa, MG (Brasil)
_0Tese (Magister Scientiae)
245 1 _aAnalise dos fatores que influenciam a produtividade do rebanho leiteiro na Zona da Mata - Minas Gerais [Brasil]
260 3 _aVicosa, MG (Brasil):
_c1980.
300 _a85 p.
500 _a34 tables; 38 ref.; Summary (Por)
650 _aGADO LEITEIRO
650 _aPRODUTIVIDADE
650 _aANALISE ECONOMICA
650 _aZONA DA MATA
650 _aMINAS GERAIS
909 _a202309
_bLucia
_c55
_dLucia Elande
942 _cBK
999 _c30659
_d30659